01052cam a22002891 4500001001300000003000400013005001700017008004100034010001700075035002000092040004400112041001300156042001200169050003100181100002600212245005600238260003800294300006700332490011200399500002400511504002500535650003200560650003700592830005100629830006500680999001700745gs 49000072 DLC20260227111355.0891026s1948 sw bf b 000 0 swe c ags 49000072  a(OCoLC)20554001 aU.S. Geol. Survey. LibrarycCUdCUdDLC0 aswebeng apremarc00aQE282b.A3 Ser. C, no. 4901 aGavelin, Sven,d1909-10aAdakområdet,böversikt av berggrund och malmer. aStockholm,bP.A. Norstedt,c1948. a54 p.billus., fold. col. plate, fold. map (in pocket)c24 cm.1 aSweden. Geologiska undersökningen. Ser. C. Avhandlingar och uppsatser.vn:o 491. Årsbok 41 (1947) n:o 9 aSummary in English. a"Litteratur": p. 54. 0aGeologyzSwedenzAdak area. 0aOre depositszSwedenzAdak area. 0aSer. C--Avhandlingar och uppsatser ;vn:o 491. 0aÅrsbok (Sveriges geologiska undersökning) ;v41 : n:o 9. c28345d28345